00575nam a22001817a 45000010005000000030009000050050017000140080041000310200015000720400038000870820017001251000019001422450066001612600064002273000046002916500032003377000024003695011BD-DhUAP20200316141340.0200316s1985 il a|||| |||| 00| 0 eng d a0673209067 aBD-DhUAPbEngcBD-DhUAPdBD-DhUAP 223a425 GAY  aGay, Kathlyn.  aI like English :bBook 6 /cKathlyn Gay and Lorre H Sintetos. aGlenview, Illionois : bScott, Foresman and Co., c©1985. avi, 202 pages :billustrations ;c28 cm.  aEnglish languagevGrammar.  aSintetos, Lorre H.